| 000 | 01169nam a2200313 i 4500 | ||
|---|---|---|---|
| 003 | CO-BoRNBP | ||
| 005 | 20230411221148.0 | ||
| 007 | ta | ||
| 008 | 200407s2002 ck a gr 000 0 spa d | ||
| 020 | _a9580427089 | ||
| 040 |
_aCO-BoRNBP _bspa _erda _cCO-BoRNBP |
||
| 041 | _aspa | ||
| 082 | 0 | 4 |
_a413 _bF36 _223 |
| 100 | 1 |
_aFernández de la Torriente, Gastón _eautor _91172 |
|
| 245 | 1 | 0 |
_aCómo aumentar su vocabulario 1 _bvocabulario superior _cGastón Fernández de la Torriente |
| 250 | _aPrimera edición | ||
| 264 | 1 |
_aBogotá, Colombia _bPlayor _c2002 |
|
| 300 |
_a181 páginas _bilustraciones _c24 cm |
||
| 336 |
_atexto _btxt _2rdacontent |
||
| 337 |
_asin mediación _bn _2rdamedia |
||
| 338 |
_avolumen _bnc _2rdacarrier |
||
| 490 | 0 |
_aDomine su lenguaje _pautoaprendizaje |
|
| 520 | _aEn la portada : Aumente en ocho mil palabras su actual vocabulario. Duplique, triplique su vocabulario realizando los amenos ejercicios de este libro. | ||
| 650 | 1 | 7 |
_aComprension lectora _2ARMARC _91173 |
| 650 | 1 | 7 |
_aEspañol _xlexicografía _2ARMARC _91174 |
| 650 | 1 | 7 |
_aEspañol _xsinonimos y antonimos _2ARMARC _91175 |
| 650 | 1 | 7 |
_aVocabulario _2ARMARC _91176 |
| 942 | _cBK | ||
| 999 |
_c9377 _d9377 |
||